| 000 | 00474nam a22001457a 4500 | ||
|---|---|---|---|
| 005 | 20150311152940.0 | ||
| 008 | 150311b xxu||||| |||| 00| 0 eng d | ||
| 040 | _cPK-LaUMT | ||
| 082 |
_aKHC 301.95491 _bSHA-P |
||
| 100 | _aشاہد مسعود خٹک | ||
| 245 |
_aپاکستانی معاشرہ _bاساس، قومیتیں، مزہب، طبقات _cشاہد مسعود خٹک |
||
| 260 |
_aلاہور _bشرکت پرنٹنگ پریس _c2004 |
||
| 300 | _a176 ص | ||
| 942 | _cBK | ||
| 999 |
_c67730 _d67730 |
||